<?xml version="1.0" encoding="UTF-8"?>
<record
    xmlns:xsi="http://www.w3.org/2001/XMLSchema-instance"
    xsi:schemaLocation="http://www.loc.gov/MARC21/slim http://www.loc.gov/standards/marcxml/schema/MARC21slim.xsd"
    xmlns="http://www.loc.gov/MARC21/slim">

  <leader>00714cam a2200205 a 4500</leader>
  <controlfield tag="001">sa 64005606 </controlfield>
  <controlfield tag="003">DLC</controlfield>
  <controlfield tag="005">20260227112033.0</controlfield>
  <controlfield tag="008">970925s1964    ii a          000 0 hin  </controlfield>
  <datafield tag="010" ind1=" " ind2=" ">
    <subfield code="a">sa 64005606 </subfield>
  </datafield>
  <datafield tag="040" ind1=" " ind2=" ">
    <subfield code="a">DLC</subfield>
    <subfield code="c">DLC</subfield>
    <subfield code="d">DLC</subfield>
  </datafield>
  <datafield tag="050" ind1="0" ind2="0">
    <subfield code="a">P29</subfield>
    <subfield code="b">.T5</subfield>
  </datafield>
  <datafield tag="100" ind1="1" ind2=" ">
    <subfield code="a">Tiv&#x101;r&#x12B;, Bhol&#x101;n&#x101;tha,</subfield>
    <subfield code="d">1923-1989.</subfield>
  </datafield>
  <datafield tag="245" ind1="1" ind2="0">
    <subfield code="a">Bh&#x101;sh&#x101; vij&#xF1;&#x101;na ko&#x15B;a :</subfield>
    <subfield code="b">pari&#x15B;ish&#x1E6D;a r&#x16B;pame&#x1E43; bh&#x101;sh&#x101; vij&#xF1;&#x101;nak&#x12B; A&#x1E45;grej&#x12B; Hind&#x12B; p&#x101;ribhashika &#x15B;abd&#x101;val&#x12B;ke s&#x101;tha /</subfield>
    <subfield code="c">[lekhaka] Bhol&#x101;n&#x101;tha Tiv&#x101;r&#x12B;.</subfield>
  </datafield>
  <datafield tag="250" ind1=" " ind2=" ">
    <subfield code="a">1. sa&#x1E43;skara&#x1E47;a.</subfield>
  </datafield>
  <datafield tag="260" ind1=" " ind2=" ">
    <subfield code="a">V&#x101;r&#x101;&#x1E47;as&#x12B; :</subfield>
    <subfield code="b">J&#xF1;&#x101;nama&#x1E47;&#x1E0D;ala,</subfield>
    <subfield code="c">[1964]</subfield>
  </datafield>
  <datafield tag="300" ind1=" " ind2=" ">
    <subfield code="a">807 p. :</subfield>
    <subfield code="b">illus. ;</subfield>
    <subfield code="c">26 cm.</subfield>
  </datafield>
  <datafield tag="546" ind1=" " ind2=" ">
    <subfield code="a">In Hindi.</subfield>
  </datafield>
  <datafield tag="650" ind1=" " ind2="0">
    <subfield code="a">Language and languages</subfield>
    <subfield code="x">Dictionaries.</subfield>
  </datafield>
  <datafield tag="999" ind1=" " ind2=" ">
    <subfield code="c">59210</subfield>
    <subfield code="d">59210</subfield>
  </datafield>
</record>
